| 000 | 01207nam a22002537a 4500 | ||
|---|---|---|---|
| 005 | 20260406145853.0 | ||
| 008 | 260327b ||||| |||| 00| 0 eng d | ||
| 020 | _a9789819728824 | ||
| 040 |
_aCO-BoUCM _bspa _cSandra Palacio _dSandra Palacio |
||
| 041 | _aeng | ||
| 100 |
_aTudoroiu, Theodor _9188497 |
||
| 245 |
_aChina’s two identities _bterritorial empire and postmodern global power _cTheodor Tudoiu |
||
| 246 | _aChinas two identities | ||
| 260 |
_aSingapore _bSpringer Nature Singapore _c2024 |
||
| 300 |
_aviii, 272 páginas _bilustraciones |
||
| 504 | _aIncluye referencias bibliográficas | ||
| 520 | _analiza la dualidad de la política exterior de China, contrastando su identidad como imperio territorial con su rol como potencia global posmoderna, utilizando un marco teórico constructivista para explicar sus acciones en el orden internacional contemporáneo. | ||
| 650 | 4 |
_aRelaciones internacionales _zChina _936033 |
|
| 650 | 4 |
_aGeopolítica _zChina _9188498 |
|
| 651 | 4 |
_aChina _xPolítica y gobierno _zSiglo XXI _9188499 |
|
| 651 | 4 |
_aIslas Salomón _xRelaciones exteriores _zChina _9188500 |
|
| 942 |
_2DEWEY _a6 _cLIBRO _e1 _h327.51 _mT912c |
||
| 999 |
_c326221 _d326221 |
||